| Tag |
First Indicator |
Second Indicator |
Subfields |
| LEADER |
00000cam a2200000 a 4500 |
| 001 |
in00000084208 |
| 005 |
20151008055717.0 |
| 008 |
810528s1980 ie a b 00000beng d |
| 020 |
|
|
|a 0853425892
|
| 035 |
|
|
|a (OCoLC)07452651
|
| 035 |
|
|
|9 AAJ4179AM
|
| 040 |
|
|
|a VYF
|c VYF
|d TXA
|d UtOrBLW
|
| 043 |
|
|
|a e-ie---
|
| 049 |
|
|
|a TXAM
|c [1633017]
|
| 090 |
|
|
|a DA950.22
|b .W67
|
| 245 |
0 |
4 |
|a The World of Daniel O'Connell /
|c edited by Donal McCartney.
|
| 264 |
|
1 |
|a Dublin :
|b Published for The Cultural Relations Committee of Ireland by The Mercier Press,
|c [1980]
|
| 264 |
|
4 |
|c ©1980
|
| 300 |
|
|
|a viii, 185 pages :
|b illustrations ;
|c 20 cm.
|
| 336 |
|
|
|a text
|b txt
|2 rdacontent
|
| 337 |
|
|
|a unmediated
|b n
|2 rdamedia
|
| 338 |
|
|
|a volume
|b nc
|2 rdacarrier
|
| 504 |
|
|
|a Includes bibliographical references.
|
| 600 |
1 |
0 |
|a O'Connell, Daniel,
|d 1775-1847.
|
| 651 |
|
0 |
|a Ireland
|x Politics and government
|y 19th century.
|
| 651 |
|
0 |
|a Ireland
|x Politics and government
|y 20th century.
|
| 700 |
1 |
|
|a McCartney, Donal.
|
| 999 |
|
|
|a MARS
|
| 999 |
f |
f |
|s dc3f1ac6-391d-3df0-9e56-4e9ce0c2a651
|i c6067c4d-8c0d-34a0-a979-3a09897aed01
|t 0
|
| 952 |
f |
f |
|p normal
|a Texas A&M University
|b College Station
|c Sterling C. Evans Library
|d Evans: Library Stacks
|t 0
|e DA950.22 .W67
|h Library of Congress classification
|i unmediated -- volume
|m A14806097044
|
| 998 |
f |
f |
|a DA950.22 .W67
|t 0
|l Evans: Library Stacks
|